|
|
|
|
| LEADER |
00945nam a2200241 a 4500 |
| 001 |
1088310 |
| 008 |
100112s1993 nyua b 001 0 eng d |
| 010 |
|
|
|a \\\92027395
|
| 020 |
|
|
|a 006500552X
|
| 040 |
|
|
|a DLC
|c DLC
|d DLC
|d BD-DhAAL
|
| 082 |
0 |
0 |
|a 320.3
|2 20
|
| 245 |
0 |
0 |
|a Introduction to comparative government /
|c Michael Curtis, general editor ; Jean Blondel ... [et al.].
|
| 250 |
|
|
|a 3rd ed.
|
| 260 |
|
|
|a New York, N.Y. :
|b HarperCollins College Publishers,
|c c1993.
|
| 300 |
|
|
|a xii, 639, I-15 p. :
|b ill. ;
|c 25 cm.
|
| 504 |
|
|
|a Includes bibliographical references and index.
|
| 541 |
1 |
|
|e 00010896
|
| 650 |
|
0 |
|a Comparative government.
|
| 700 |
1 |
|
|a Curtis, Michael,
|d 1923-
|
| 700 |
1 |
|
|a Blondel, Jean,
|d 1929-
|
| 852 |
4 |
|
|a Ayesha Abed Library
|j General shelf
|
| 999 |
|
|
|c 6924
|d 6924
|
| 952 |
|
|
|0 0
|1 0
|2 ddc
|4 0
|6 320_300000000000000_INT_1993
|7 0
|9 7153
|a BRACUL
|b BRACUL
|c GEN
|d 2010-01-13
|l 2
|m 5
|o 320.3 INT
|p 3010010896
|r 2023-08-08
|s 2023-07-09
|w 2010-01-13
|y BK
|